000 00821nam a2200277 a 4500
008
020 _a0443070016 (pbk.)
049 _aMAIN
090 _aRC33
_bSTE
100 1 _aStevens, Alan.
245 1 0 _aWheater's basic histopathology :
_ba colour atlas and text /
_cAlan Stevens, James S. Lowe and Barbara Young
250 _a4th ed.
260 _aEdinburgh :
_bChurchill Livingstone,
_c2002.
300 _aviii, 295 p. :
_bcol.ill. ;
_c30 cm.
500 _aIncludes index.
650 _aPathology and diseases.
650 _aPathology .
650 1 _aHistopathology.
700 _aLowe , James S.
700 _aYoung, Barbara.
907 _a.b10251388
_b27-02-12
_c19-09-07
003
005 20230120204025.0
040 _cNUST
942 _cBOOKS
_kRC33
_mSTE
999 _c115757
_d115757